Statistiques concernant Focus sur: Kingsley Shacklebolt - Harry Potter

Cliquez ici pour prendre le quiz!

Statistiques générales

  • Ce quiz a été pris 382 fois
  • Le résultat moyen est 4 sur 6

Statistiques - réponses

Informations recherchéesRéponses% Correct
Statut du sangSang-Pur
100%
ProfessionAuror/Ministre/Employé du ministère/Secrétaire
98%
Première apparitionHarry Potter et l'Ordre du Phénix
97%
PatronusLynx
63%
Lieu de rencontre avec Harry Potter4 Privet Drive
62%
Acteur l'interprétant dans les filmsGeorge Harris
24%

Distribution des résultats

Percentile par nombre de réponses

% des personnes avec chaque résultat

Votre développement - résultats

Vous n’avez pas pris ce quiz